000 00432nam a22001457a 4500
005 20241112154132.0
008 241112b |||||||| |||| 00| 0 eng d
020 _a9781557535061
050 _aLC1091.E54 2008
100 _aVANFOSSEN PHILIP J.
245 _aTHE ELECTRONIC REPUBLIC:THE IMPACT OF TECHNOLOGY ON EDUCATION FOR CITIZENSHIP
260 _aINDIANA
_bPURDUE UNIVERSITY PRESS
_c2008
300 _aX,239
942 _2lcc
_cBK
999 _c213740
_d213740